000 00455cam a2200181ua 4500
020 _c12.50
041 _aeng
_h
082 _a306
_bRAD/SI
100 _aRadhakamal, Mukherjee .
245 _aSickness of civilization /
_cRadhakamal Mukherjee.
_hTextual Documents
250 _a1 /
_b.
260 _aMumbai :
_bAllied Publishers Pvt Ltd ,
_c1964.
300 _a131 ; .
365 _a12.50
504 _a
942 _cBK
999 _c1887
_d1887